000 00403nam a2200169Ia 4500
001 19654
003 IN-NITTTR
005 20251114233226.0
008 251113s9999||||xx |||||||||||||| ||eng||
040 _beng
040 _cIN-NITTTR
041 _aeng
082 _a153.8 B388M
100 _aBeck, Robert C.
245 0 _aMotivation :
_b theories and principles /
_cBeck, Robert C.
942 _2ddc
_cBK
999 _c22288
_d22288